• 首页
  • 本馆介绍
  • 公告通知
  • 最新文献
  • 馆藏检索
  • 电子资源
  • 读者导购
  • 参考咨询
  • 我的图书馆
  • 登录
  • 详细信息显示
  • 放入我的书架
  • 预约/预借图书
  • 作者相关作品
  • 分类相关作品
  • 丛书相关作品
  • 出版社相关作品

书目信息

  • 表格格式
  • 工作单格式
  • 卡片格式
题名:
微分几何讲义
    
 
作者: 陈省身 , 陈维桓 著
分册:  
出版信息: 北京   北京大学出版社  1983
页数: 321页
开本: 21cm
丛书名: 北京大学数学丛书
单 册:
中图分类: O186.1
科图分类:
主题词: 微分几何--高等学校--教材
电子资源:
ISBN:
000 00756nam2 2200277 45
001 0183011998
005 20040629144811.2
010    @dCNY1.55
091    @a13209.84
100    @a19950510d1983 em y0chiy0121 ea
101 0  @achi
102    @aCN@b110000
105    @ay z 000yy
106    @ar
200 10 @a微分几何讲义@Awei fen ji he jiang yi@f陈省身, 陈维桓著
210    @a北京@c北京大学出版社@d1983
215    @a321页@d21cm
225 2  @a北京大学数学丛书
410  0 @120010@a北京大学数学丛书
606    @a微分几何@x高等学校@x教材
690    @aO186.1@v3
701  0 @a陈省身@Achen sheng shen@4著
701  0 @a陈维桓@Achen wei huan@4著
801  0 @aCN@b上海图书馆@c20040524
801  2 @aCN@bNLC@c20040524
905    @dO186.1@e16@f1@b108440
    
    微分几何讲义/陈省身, 陈维桓著.-北京:北京大学出版社,1983
    321页;21cm.-(北京大学数学丛书)
    
    
    ISBN :CNY1.55
    
●
相关链接 在E读中查询图书 在五车中查询图书 在当当中查询图书 在豆瓣中查询图书


正题名:微分几何讲义     索取号:O186.1/16         预约/预借

序号 登录号 条形码 馆藏地/架位号 状态 备注
1 0108439   000396761   第三借阅区/ [索取号:O186.1/16] 在馆    
2 0108440   001936436   第三借阅区/ [索取号:O186.1/16] 在馆    
3 0108441   000396734   第三借阅区/ [索取号:O186.1/16] 在馆    
4 0108442   000396752   第三借阅区/ [索取号:O186.1/16] 在馆    
5 0108443   000396743   第二样本阅览室/ [索取号:O186.1/16] 在馆    
唐山师范学院图书馆 欢迎您!
大连网信软件有限公司© 版权所有